000 00537nam a2200181Ia 4500
003 OSt
005 20260331133035.0
008 211028s2011 xx 000 0 und d
040 _cAIMIT LIBRARY
041 _aeng
082 _a658.8 HITH
100 _aHithaishee K R;Madhukar, S M.
_g916014
_96766
245 _aAn analysis of the factors affecting the achievement of sales target at cauvery ford motors, Mangalore /
260 _bMadhukar S M
_c2011
600 _aMarketing
_96767
650 _aMarketing
_96768
942 _2ddc
_cPRO
999 _c218347
_d218347